000 00798nam a2200217Ia 4500
001 6979
003 GE_BSU
008 181216s||||||||xx |||||||||||||| ||und||
040 _cGE_BSU
080 _a621.395(075.8)
100 _aБакалейщик,Ф.Б. Зайончиковский,Е.А. Брунина,Ю.З. и др.
245 _aАвтоматическая междугородная телефонная связь.
245 _bУчебн.
245 _cПод общей ред. Е.А.Зайончиковского.
260 _aМ.
260 _bСвязь.
260 _c1969.
300 _a297стр. с илл. 22см. библиогр.:стр.297-298.
653 _aАвтоматическая междугородная телефонная связь.
942 _cBK
999 _c40371
_d40371